Philippine Provinces (Visayas) - Statistics

General Stats
  • This quiz has been taken 60 times
  • The average score is 14 of 16
Answer Stats
Region Province % Correct
VI Aklan
98%
VI Iloilo
93%
VI Antique
90%
VII Bohol
90%
VI Capiz
90%
VII Cebu
90%
VIII Leyte
90%
VI Negros Occidental
88%
VII Negros Oriental
88%
VIII Samar
88%
VII Siquijor
86%
VI Guimaras
83%
VIII Southern Leyte
76%
VIII Eastern Samar
74%
VIII Northern Samar
71%
VIII Biliran
64%
No matching quizzes found
Score Distribution
Percent of People with Each Score
Percentile by Number Answered
Your Score History
You have not taken this quiz